Trofeos ganados por Messi - Estadísticas

Estadísticas generales
  • Esta prueba ha sido intentada 5.756 veces
    1.623 desde el último reinicio
  • La puntuación promedio es 10 de 17
Estadísticas de respuestas
Hint Respuesta % Correcto
10 La Liga
98%
1 Mundial FIFA
97%
7 Copa del Rey
96%
4 Champions League
91%
2 Copa América
90%
2 Ligue 1
88%
8 Supercopa de España
82%
3 Mundial de Clubes
73%
3 Supercopa de la UEFA
70%
1 Finalissima
61%
1 Oro Olímpico
51%
1 Trophée des Champions
43%
1 Mundial sub 20
32%
1 MLS Cup
22%
1 Leagues Cup
20%
1 MLS Supporters' Shield
12%
1 Eastern Conference
9%
No se encontraron pruebas coincidentes
Distribución de puntuación
Porcentaje de gente con cada puntuación
Porcentaje por número respondido
Historial de tus puntuaciones
No has intentado esta prueba desde el último reinicio